| 000 | 01246nam a22003377a 4500 | ||
|---|---|---|---|
| 003 | CHAP | ||
| 005 | 20220329143800.0 | ||
| 008 | 110812s1957 mx r 00010 spa d | ||
| 010 | _a101823 | ||
| 011 | _a102795 | ||
| 035 | _a113484 | ||
| 040 | _cCHAP | ||
| 090 | _aTesis | ||
| 100 | 1 |
_aMartínez Balboa, Aurelio. _971832 |
|
| 245 | 1 | 0 |
_aContribución al estudio del estado higienico, zoootecnico _c/por Aureliano Martínez Balboa |
| 260 |
_aMéxico, D.F. : _bUNAM. Escuela Nacional de Medicina Veterinaria y Zootecnia, _c1957 |
||
| 300 |
_a69 p. : _btablas |
||
| 502 | _aTesis (Médico Veterinario Zootecnista) -- UNAM. Escuela Nacional de Medicina Veterinaria y Zootecnia | ||
| 590 |
_aALEPH _b10 _c20130110 _lUCH01 _h1541 |
||
| 590 |
_aBATCH-UPD _b10 _c20130110 _lUCH01 _h0853 |
||
| 590 |
_aBATCH-UPD _b10 _c20130410 _lUCH01 _h0525 |
||
| 590 |
_aBATCH-UPD _b10 _c20130914 _lUCH01 _h1504 |
||
| 590 |
_aCONVERSION _b10 _c20130109 _lUCH01 _h1356 |
||
| 650 | 1 | 4 |
_aGanadería. _944604 |
| 650 | 1 | 4 |
_aGanado lechero _xAspectos económicos. _945243 |
| 650 | 1 | 4 |
_aGanado lechero _xTamaulipas. _945300 |
| 650 | 1 | 4 |
_aSanidad animal. _9102221 |
| 901 | _aBK | ||
| 942 | _cTESIS | ||
| 949 |
_aTesis _bBC _cTES _d33724002304040 _eTS1 _gDonaciØn _h52606 _i113484 _sb |
||
| 999 |
_c101823 _d101823 |
||